Autokennzeichen Quiz #1 - Statistiken

Allgemein
  • Dieses Quiz wurde 466 mal gespielt
  • Das Durchschnittsergebnis liegt bei 10 aus 15
Antwortstatistiken
# Stadt Bundesland % Korrekt
P Potsdam Brandenburg
92%
BN Bonn Nordrhein-Westfalen
90%
OF Offenbach am Main Hessen
85%
R Regensburg Bayern
82%
MD Magdeburg Sachsen-Anhalt
75%
ER Erlangen Bayern
71%
G Gera Thüringen
71%
SN Schwerin Mecklenburg-Vorpommern
64%
GAP Garmisch-Partenkirchen Bayern
62%
KL Kaiserslautern Rheinland-Pfalz
62%
CB Cottbus Brandenburg
61%
HL Lübeck Schleswig-Holstein
55%
MEI Meißen Sachsen
54%
WO Worms Rheinland-Pfalz
45%
NOH Nordhorn Niedersachsen
31%
Keine übereinstimmenden Quizze gefunden
Verteilung der Resultate
Anzahl Personen mit jedem Resultat
Perzentil nach korrekt beantworteten Fragen
Ihre Resultats-Entwicklung
Sie haben dieses Quiz noch nicht gespielt